Elements of analog communication (Record no. 490575)

000 -LEADER
fixed length control field 00372nam a22001457a 4500
020 ## - INTERNATIONAL STANDARD BOOK NUMBER
International Standard Book Number 9789350141175
082 ## - DEWEY DECIMAL CLASSIFICATION NUMBER
Classification number 621.382 SHA
100 ## - MAIN ENTRY--PERSONAL NAME
Personal name Sharma Sanjay
245 ## - TITLE STATEMENT
Title Elements of analog communication
260 ## - PUBLICATION, DISTRIBUTION, ETC.
Place of publication, distribution, etc. New Delhi India
Name of publisher, distributor, etc. S.K.Kataria & Sons
Date of publication, distribution, etc. 2002
300 ## - PHYSICAL DESCRIPTION
Extent 522
Other physical details P.B
650 ## - SUBJECT ADDED ENTRY--TOPICAL TERM
Topical term or geographic name entry element Analog Communication
700 ## - ADDED ENTRY--PERSONAL NAME
Personal name Dr Sanjay Sharma
942 ## - ADDED ENTRY ELEMENTS (KOHA)
Koha item type Book
Holdings
Withdrawn status Lost status Damaged status Not for loan Collection code Permanent Location Current Location Shelving location Date acquired Source of acquisition Cost, normal purchase price Total Checkouts Full call number Barcode Date last seen Date last checked out Price effective from Koha item type
          Central Library (CL) Central Library (CL) General Stacks 12/23/2016 Allied Book company 428.64 1 621.382 SHA SEECS013600 05/20/2019 02/20/2019 12/23/2016 Book
© 2023 Central Library, National University of Sciences and Technology. All Rights Reserved.